000 00976nam a22002297a 4500
005 20101124140442.0
008 101124t xxu||||| |||| 00| 0 mar d
010 _aMAR-20395
020 _a9788172948306
_c150.00
035 _aMR-13053
037 _bDBAD / PUB
040 _aDPL
_bMR
082 _a891.467
100 _aबुआ,वि आ
_924442
245 _aप्रश्नोत्तर स्वयंवर /
_cवि आ बुआ
246 _aPrashnottar Swayamvar
_bby V A Buaa
260 _aपुणे
_bदिलीपराज प्रकाशन
_c2010
270 _a२५१ क, शनिवार पेठ
_bपुणे
_e411030
300 _a139पृ
_c21सेमी (अजिल्द)
942 _2ddc
_cMR
_h891.467
_mबुआवि
999 _c48779
_d48779